| 000 | 01148nam a22002417a 4500 | ||
|---|---|---|---|
| 008 | 100712s1961 xxu||||| |||| 00| 0 ara d | ||
| 082 |
_222 _a100 _bج ا ن |
||
| 100 | 1 |
_916212 _aجانيه ، بول |
|
| 245 |
_aمشكلات ما بعد الطبيعة / _cبول جانيه ، جبريل سياى ؛ ترجمة يحيى هويدي ؛ مراجعه محمد مصطفى حلمى |
||
| 260 |
_aالقاهرة : _bمكتبة الأنجلو المصرية ، _c1961. |
||
| 300 |
_a325 ص : _c24 سم. |
||
| 504 | _aيشتمل على إرجاعات ببليوجرافية | ||
| 541 |
_aألف باء ؛ _cشراء ؛ |
||
| 650 |
_916209 _aالفلسفة |
||
| 650 |
_916216 _aالميتافيزيقا |
||
| 650 |
_916217 _aالفلسفة القديمة |
||
| 650 |
_916218 _aالفلسفة الحديثة |
||
| 700 |
_916213 _aسياى ، جبريل |
||
| 700 |
_916214 _aهويدى ، يحيى _eترجمه |
||
| 700 |
_916215 _aحلمى ، محمد مصطفى _eراجعه |
||
| 942 |
_2ddc _cBB |
||
| 999 |
_c14464 _d14464 |
||